Представление документа в формате RUSMARC

ПолеНазваниеЗначение
  Тип записи a
  Библиографический уровень m
001 Контрольный номер RU/SLIB/B/208781545
005 Дата корректировки 20201206204344.1
010 Индекс ISBN __
d Цена 2-50
101 Язык документа __
a Язык текста rus
200 Заглавие и сведения об ответственности 0_
a Заглавие Рассказы
f Первые сведения об ответственности А. И. Куприн ; ил. Ю. С. Гершковича
b Общее обозначение материала Текст
210 Выходные данные __
a Место издания М.
c Издательство Правда
d Дата издания 1983
215 Физическое описание __
a Объем 512 с.
606 Тематические рубрики __
a Основная рубрика Художественная литература
y Географическая подрубрика Россия
606 Тематические рубрики __
a Основная рубрика Русская литература XIX в. (произведения)
610 Ключевые слова __
a Ключевые слова рассказы
686 Индексы других классификаций __
a Классификационный индекс 84(2=411.2)53-4
700 Автор _1
a Фамилия Куприн
b Имя А. И.
g Полное личное имя Александр Иванович
4 Код отношения 070
702 Вторичная интеллектуальная ответственность _1
a Фамилия Гершкович
b Имя Ю. С.
4 Код отношения Иллюстратор
4 Код отношения 440
801 Источник записи _0
a Страна RU
b Организация Муниципальное бюджетное учреждение культуры "Централизованная библиотечная система" г. Сургут (Центральная городская библиотека им. А. С. Пушкина)
g Правила каталогизации КиК/Ковалева
801 Источник записи _1
a Страна RU
b Организация Муниципальное бюджетное учреждение культуры "Централизованная библиотечная система" г. Сургут (Центральная городская библиотека им. А. С. Пушкина)
g Правила каталогизации КиК/Ковалева
852 Данные о местонахождении __
j Шифр хранения 84(2=411.2)53-4
i Авторский знак К 92
p Инвентарный номер 31116
901 Тип документа __
t Тип документа m
990 Данные о заказе (DOS) __
j Количество экземпляров (DOS) 1
t N записи в КСУ для И/У (DOS) ретро